Niektoré právne a chemické aspekty odpadového hospodárstva v š.p.Slovenský hodváb Senica : Obh. 13.6.1995 /

Uložené v:
Podrobná bibliografia
Hlavný autor: Vlčková, Lenka (Autor)
Médium: Rukopis Kniha
Jazyk:Slovak
Vydavateľské údaje: Bratislava : STU v Bratislave ChtF, 1995
Tagy: Pridať tag
Žiadne tagy, Buďte prvý, kto otaguje tento záznam!

MARC

LEADER 00000ntm a22000003a 4500
001 stu23321
005 20150617225748.4
008 950620s1995----xo------------------slo-d
040 |a STU  |b slo 
041 0 |a slo 
044 |a xo 
100 1 |a Vlčková, Lenka  |4 aut 
245 1 |a Niektoré právne a chemické aspekty odpadového hospodárstva v š.p.Slovenský hodváb Senica :  |b Obh. 13.6.1995 /  |c [aut.]Vlčková,Lenka 
260 |a Bratislava :  |b STU v Bratislave ChtF,  |c 1995 
300 |a 63 s :  |b Tab.,lit 
500 |a Špec.: Technológia životného prostredia 
996 |b CD11910  |c C*D11910  |l CCI  |s A  |a 24  |w stu23321_0001